| 000 | 00963nam a2200217 i 4500 | ||
|---|---|---|---|
| 001 | 158235 | ||
| 003 | ES-MaACL | ||
| 005 | 20230906211052.0 | ||
| 008 | 040830m17871789fr |||| | fre d | ||
| 080 | _a811.124(075.4) | ||
| 100 | 1 |
_aLuneau de Boisjermain, Pierre Joseph François. _9129145 |
|
| 245 | 1 | 0 |
_aCours de langue latine, à l'aide duquel on peut apprendre cette langue chez soi, sans maître, et en deux ou trois mois de lecture / _cpar M. Luneau de Boisjermain. Poésie... |
| 260 |
_aA Paris : _bRue Sain André des Arts, nº 45, _c1787-1789. |
||
| 300 |
_a4 v. (XV, 367 p. ; VIII, 347 p. ; [2], 397 p. ; 439 p. ; _c21 cm. |
||
| 594 | _aAutor precede a la mención de parte. | ||
| 597 | _aSign.: []4, b4, A-2Z4 ; a4, A-24, 2X2 ; []1, A-2B4, 2C3, 3D4 ; A-3I4. | ||
| 597 | _aAntep. | ||
| 597 | _aPort. con viñeta xil. | ||
| 650 | 4 |
_aLengua latina- _vMétodos. _9162340 |
|
| 852 |
_aES-MaACL _jR-1084-87 _z- Enc. hol. _x Olim: G-9394-97 |
||
| 999 |
_c158235 _d158235 |
||